Online katalóg knižníc regiónu Turca

Prípad pre teba a mini Tigrí tím (Record no. 7479)

MARC details
000 -LEADER
fixed length control field 01634cam a2200409 a 4500
001 - CONTROL NUMBER
control field 7479
005 - DATE AND TIME OF LATEST TRANSACTION
control field 20240112132043.0
008 - FIXED-LENGTH DATA ELEMENTS--GENERAL INFORMATION
fixed length control field 200205s2017 xo a b 000 j slo
020 ## - INTERNATIONAL STANDARD BOOK NUMBER
International Standard Book Number 9788056402771
Qualifying information (viaz.)
040 ## - CATALOGING SOURCE
Original cataloging agency PPPK
Language of cataloging slo
Transcribing agency PPPK
Modifying agency SNK
Description conventions AACR2
041 1# - LANGUAGE CODE
Language code of text/sound track or separate title slo
Language code of original ger
044 ## - COUNTRY OF PUBLISHING/PRODUCING ENTITY CODE
MARC country code xo
ISO country code SK
072 #7 - SUBJECT CATEGORY CODE
Subject category code 821.112.2-3
Subject category code subdivision Nemecká próza, nemecky písaná
Source konspekt
072 #7 - SUBJECT CATEGORY CODE
Subject category code 821-93
Subject category code subdivision Literatúra pre deti a mládež (beletria)
Source konspekt
080 ## - UNIVERSAL DECIMAL CLASSIFICATION NUMBER
Universal Decimal Classification number 821.112.2(436)-32
Edition identifier 2011
080 ## - UNIVERSAL DECIMAL CLASSIFICATION NUMBER
Universal Decimal Classification number (0:82-322.4)
Edition identifier 2011
080 ## - UNIVERSAL DECIMAL CLASSIFICATION NUMBER
Universal Decimal Classification number 82-93-053.2
Edition identifier 2011
100 1# - MAIN ENTRY--PERSONAL NAME
Personal name Brezina, Thomas,
Dates associated with a name 1963-
240 10 - UNIFORM TITLE
Uniform title Ein Mini Fall für dich und das Tiger-Team: Die Insel des T-Rex
Language of a work Slovensky
245 10 - TITLE STATEMENT
Title Prípad pre teba a mini Tigrí tím
Name of part/section of a work Tyranosaurov ostrov
Statement of responsibility, etc. Thomas C. Brezina ; ilustrovala Naomi Fearnová ; [z nemeckého originálu preložila Katarína Šmidtová]
246 1# - VARYING FORM OF TITLE
Display text V tir. názov:
Title proper/short title Mini Tigrí tím - Tyranosaurov ostrov
246 30 - VARYING FORM OF TITLE
Title proper/short title Tyranosaurov ostrov
250 ## - EDITION STATEMENT
Edition statement 1. vyd.
260 ## - PUBLICATION, DISTRIBUTION, ETC.
Place of publication, distribution, etc. Bratislava
Name of publisher, distributor, etc. Fragment
-- Albatros Media Slovakia
Date of publication, distribution, etc. 2017
300 ## - PHYSICAL DESCRIPTION
Extent 98 s.
Other physical details ilustr.
Dimensions 20 cm
Accompanying material 1 plast. lupa
490 1# - SERIES STATEMENT
Series statement Tigrí tím
500 ## - GENERAL NOTE
General note Vydalo vydavateľstvo Fragment v spoločnosti Albatros Media Slovakia
655 #7 - INDEX TERM--GENRE/FORM
Genre/form data or focus term rakúske príbehy
Source of term SNKPH
655 #7 - INDEX TERM--GENRE/FORM
Genre/form data or focus term detektívne príbehy
Source of term SNKPH
655 #7 - INDEX TERM--GENRE/FORM
Genre/form data or focus term publikácie pre deti
Source of term SNKPH
655 #7 - INDEX TERM--GENRE/FORM
Genre/form data or focus term Austrian stories
Source of term SNKPHeng
655 #7 - INDEX TERM--GENRE/FORM
Genre/form data or focus term Detective stories
Source of term SNKPHeng
655 #7 - INDEX TERM--GENRE/FORM
Genre/form data or focus term Children's literature
Source of term SNKPHeng
700 1# - ADDED ENTRY--PERSONAL NAME
Personal name Fearn, Naomi,
Dates associated with a name 1976-
Relationship ill
700 1# - ADDED ENTRY--PERSONAL NAME
Personal name Šmidtová, Katarína
Relationship trl
Holdings
Stav vyradenia Strata Poškodenie Spôsob nadobudnutia Domovská knižnica Aktuálna knižnica Dátum nadobudnutia Cena Prírastkové číslo Total checkouts Signatúra Čiarový kód exemplára Date last seen Typ exemplára Verejná poznámka
      Kúpa Obecná knižnica Príbovce Obecná knižnica Príbovce 16.02.2021 5.06 12186   12186 4730801297 16.02.2021 Krásna literatúra pre deti od 7 rokov
Projekt je podporený Slovenskou asociáciou knižníc
Prevádzkuje Turčianska knižnica Martin 2026